| 000 | 00516 a2200181 4500 | ||
|---|---|---|---|
| 001 | 130572 | ||
| 020 | _a85-02-04292-0 | ||
| 040 | _cLeonardo Da Vinci | ||
| 041 | _aPortuguês | ||
| 082 |
_a100 M386f _bM386f |
||
| 100 | _aMATTAR, João | ||
| 245 | _aFilosofia e ética na administração | ||
| 260 |
_bSaraiva _c2004 _aSão Paulo |
||
| 300 | _a374 | ||
| 362 | _a20040000 | ||
| 697 |
_aAdministração _aAspecto moral _aÉtica _aFilosofia _aConhecimento _aTeoria _aHistória _aLógica _aLinguagem _aFIPEN |
||
| 942 | _cBK | ||
| 999 |
_c130572 _d130572 |
||